00829nam a22002297a 4500003000500000005001700005008004100022010001000063011001000073035001000083040000900093100002900102245020400131260004000335300001000375500000900385502009000394650003500484650002000519650003200539700002800571CHAP20220329141450.0971013s1988 r 00010 d a68616 a69588 a79065 cCHAP00aAguirre Diaz, Heriberto. aInfluencia del descortezador (Pseudohylesinus variegatus (Blandford) en la muerte del oyamel Abies religiosa (H.B..) Schl. et Cham.) en el parque recreativo y cultural 'Desierto de los Leones', D. F. aChapingo, Méx. :bEl autor,c1988 a84 h. a31-6 aTesis (Ing. Forestal esp. en Silvicultura) -- UACH. División de Ciencias Forestales14aDesierto de Los Leones, Méx.14aOyamelxPlagas.14aPseudohylesinus variegatus.0 aBernal Torres, Alberto.